Karamah para sahabat Nabi s.a.w.

Bibliographic Details
Main Author: Al-Banjari, Rachmat Ramadana
Other Authors: Nur Hanis Mohd. Bukhari
Format: Book
Published: Batu Caves : Al-Hidayah House Of Publishers Sdn. Bhd. , 2014
Subjects:

MARC

LEADER 00000cam a2200000 7i4500
001 0000182256
005 20150316.0
020 |a 9674390537 
020 |a 9789674390532 
090 0 0 |a 297.63   |b ALB 
100 1 |a Al-Banjari, Rachmat Ramadana 
245 1 0 |a Karamah para sahabat Nabi s.a.w.   |c Ustaz Rachmat Ramadana Al-Banjari ; alih bahasa, Nur Hanis Mohd. Bukhari 
260 |a Batu Caves :   |b Al-Hidayah House Of Publishers Sdn. Bhd. ,   |c 2014 
300 |a 526p. ;   |c 24cm. 
600 0 0 |a Muhammad, Prophet, d. 632 
600 0 0 |a Muhammad, Prophet, d. 632   |x Companions 
700 0 |a Nur Hanis Mohd. Bukhari 
999 |a 00292220   |b BUKU   |c PINJAMAN   |e PERPUSTAKAAN KOMUNITI PETALING JAYA 
999 |a 00417885   |b BUKU   |c PINJAMAN   |e PERPUSTAKAAN KOMUNITI CAW KOTA DAMANSARA